000 00430nam a2200157 a 4500
001 0000-8809
003 ELIB.Books
008 110520 1965
035 _a(ELIB.Books)0000-8955
082 _a220.9505
245 _aThings in Which It Is Impossible for God to Lie
260 _bNew York: Watch Tower Bible and Treact Society of
_c1965
650 _aBible
942 _2ddc
_cBK
998 _cbat
_e2011-05-20
999 _c8809
_d8809